书目信息 |
| 题名: |
国家教师资格考试专用教材
|
|
| 作者: | 郑三元 , 毛晋平 主编 | |
| 分册: | 保教知识与能力 | |
| 出版信息: | 长沙 湖南师范大学出版社 2018.06 |
|
| 页数: | 234页 | |
| 开本: | 26cm | |
| 丛书名: | ||
| 单 册: | ||
| 中图分类: | G451.1 , G615 | |
| 科图分类: | ||
| 主题词: | 教师--jiao shi--资格考试--教材 , 幼教人员--you jiao ren yuan--资格考试--教材 | |
| 电子资源: | ||
| ISBN: | 978-7-5648-3252-0 | |
| 000 | 01251nam 2200313 450 | |
| 001 | CAL 0120182543895 | |
| 005 | 20180810132016.6 | |
| 010 | @a978-7-5648-3252-0@b@dCNY45.00 | |
| 100 | @a20180809d2018 em y0chiy50 ea | |
| 101 | 0 | @achi |
| 102 | @aCN@b430000 | |
| 105 | @ak a 000yy | |
| 106 | @ar | |
| 200 | 1 | @a国家教师资格考试专用教材@Aguo jia jiao shi zi ge kao shi zhuan yong jiao cai@f毛晋平总主编@g@i保教知识与能力@i幼儿园@f郑三元主编 |
| 210 | @a长沙@c湖南师范大学出版社@d2018.06 | |
| 215 | @a234页@c@d26cm | |
| 300 | @a严格依据国家教师资格考试大纲编写 最新版 | |
| 320 | @a有书目 (第234页) | |
| 330 | @a本书为《国家教师资格考试专用教材》之一, 是参加国家教师资格考试的实用备考教材。阐释了对幼儿园阶段教师保教知识与能力考核所规定的知识体系, 学前儿童发展、学前教育原理、生活指导、环境创设、游戏活动的指导、教育活动的组织与实施、教育评价。 | |
| 517 | 1 | @a保教知识与能力@Abao jiao zhi shi yu neng li |
| 606 | 0 | @a教师@Ajiao shi@x资格考试@j教材 |
| 606 | 0 | @a幼教人员@Ayou jiao ren yuan@x资格考试@j教材 |
| 690 | @aG451.1@v5 | |
| 690 | @aG615@v5 | |
| 701 | 0 | @a郑三元@Azheng san yuan@4主编 |
| 701 | 0 | @a毛晋平@Amao jin ping@4主编 |
| 801 | 0 | @aCN@b人天书店@c20180809@g |
| 905 | @aBZT@dG451.1@e21 | |
| 906 | @dCNY45.00@n3@r1 | |
| 国家教师资格考试专用教材/毛晋平总主编.保教知识与能力.幼儿园/郑三元主编.-长沙:湖南师范大学出版社,2018.06 |
| 234页;26cm |
| 严格依据国家教师资格考试大纲编写 最新版 |
| ISBN 978-7-5648-3252-0:CNY45.00 |
| 本书为《国家教师资格考试专用教材》之一, 是参加国家教师资格考试的实用备考教材。阐释了对幼儿园阶段教师保教知识与能力考核所规定的知识体系, 学前儿童发展、学前教育原理、生活指导、环境创设、游戏活动的指导、教育活动的组织与实施、教育评价。 |
| ● |
| 相关链接 |
|
|
|
正题名:国家教师资格考试专用教材
索取号:G451.1/21
 
预约/预借
| 序号 | 登录号 | 条形码 | 馆藏地/架位号 | 状态 | 备注 |
| 1 | 853973 | 2000853973 | 第二书库/ [索取号:G451.1/21] | 在馆 | |
| 2 | 853974 | 2000853974 | 第二书库/ [索取号:G451.1/21] | 在馆 | |
| 3 | 853975 | 2000853975 | 第二书库/ [索取号:G451.1/21] | 在馆 |